Countries Starting with 'E' - Statistics

General Stats
  • This quiz has been taken 181 times
  • The average score is 8 of 9
Answer Stats
Continent Country % Correct
South America Ecuador
99%
Europe Estonia
94%
Africa Ethiopia
94%
Africa Eritrea
92%
Africa Eswatini
90%
North America El Salvador
89%
Africa Egypt
86%
Asia East Timor
82%
Africa Equatorial Guinea
79%
No matching quizzes found
Score Distribution
Percent of People with Each Score
Percentile by Number Answered
Your Score History
You have not taken this quiz